| 000 | 00672nam a2200241Ia 4500 | ||
|---|---|---|---|
| 005 | 20250425162555.0 | ||
| 008 | 250425s9999 xx 000 0 und d | ||
| 020 | _a9780194789097 | ||
| 041 | _aeng | ||
| 082 | _a428.6 | ||
| 100 | _aVICARY, TIM | ||
| 245 | 0 | _aMARY, QUEEN OF SCOTS | |
| 250 | _a1ST ED. | ||
| 260 | _aOXFORD | ||
| 260 |
_aReino Unido _bOXFORD UNIVERSITY PRESS _c2008 |
||
| 300 | _a56 | ||
| 650 | _aCOMPRENSION DE LECTURA - PROBLEMAS, EJERCICIOS | ||
| 650 | _aIDIOMA INGLES-LIBROS DE TEXTO PARA EXTRANJEROS | ||
| 650 | _aINGLES-LIBROS DE LECTURA | ||
| 650 | _aMARIA, REINA DE ESCOCIA, 1542-1587 - BIOGRAFIA | ||
| 942 | _c01 | ||
| 010 | _a86529 | ||
| 999 |
_c232023 _d232023 |
||